000 00491nam a2200193 a 4500
001 1767414371065
003 YourLibrary
005 20260103103038.0
008 260103s2007##################000#0#eng##
020 _a9780710310507
082 0 4 _a296.155
_bMED
100 1 _aMedico, H. E. Del,
_eauthor.
245 1 0 _aThe Riddle of the Scrolls :
260 _bRoutledge,
_c2007.
300 _a432 pages
650 0 _aHistory.
942 _cENGLISH
040 _aYourLibrary
_beng
_cYourLibrary
999 _c606889
_d606889